banner-ar

DIGITAL FILTERING: A COMPUTER LABORATORY TEXTBOOK / (Record no. 24880)

MARC details
000 -الفاتح
حقل البيانات ثابتة الطول 00668nam a2200241Ia 4500
008 - عناصر البيانات ثابتة الطول - معلومات عامة
حقل البيانات ثابتة الطول 140319s9999 xx 000 0 eng d
040 ## - مصدر الفهرسة
وكالة الفهرسة الأصلية GCL /
وكالة النسخ GCL
082 04 - رقم تصنيف ديوى العشرى
رقم التصنيف 621.3815
رقم المادة M D
100 1# - المدخل الرئيسى - إسم شخصى
الإسم الشخصى SMITH, MARK W.
245 10 - بيان العنوان
العنوان DIGITAL FILTERING: A COMPUTER LABORATORY TEXTBOOK /
بيان المسئوليه,etc SMITH, MARK W.
700 1# - المدخل الاضافى - اسم شخصى
الإسم الشخصى MERSEREAU, RUISELL
260 ## - PUBLICATION, DISTRIBUTION, ETC. (IMPRINT)
تاريخ النشر أو التوزيع 1993
300 ## - الوصف المادى
التعداد 224 P
650 04 - المدخل الاضافى بالموضوع-مصطلح موضوعى
مصطلح موضوعي DESIGN - CONSTRUCTION
650 04 - المدخل الاضافى بالموضوع-مصطلح موضوعى
مصطلح موضوعي SIGNAL PROCESSING
650 04 - المدخل الاضافى بالموضوع-مصطلح موضوعى
مصطلح موضوعي DATA PROCESSING
650 04 - المدخل الاضافى بالموضوع-مصطلح موضوعى
مصطلح موضوعي DIGITAL TECHNIQUES
650 04 - المدخل الاضافى بالموضوع-مصطلح موضوعى
مصطلح موضوعي ELECTRIC FILTERS
650 04 - المدخل الاضافى بالموضوع-مصطلح موضوعى
مصطلح موضوعي DIGITAL
650 04 - المدخل الاضافى بالموضوع-مصطلح موضوعى
مصطلح موضوعي DIGITAL FILTERS
942 ## - عناصر المدخل الإضافي( كوها)
مصدر التصنيف او مخطط الترفيف Dewey Decimal Classification
Koha [default] item type كتاب
260 ## - PUBLICATION, DISTRIBUTION, ETC. (IMPRINT)
-- [S.N] :
-- JOHN WILEY AND SONS. INC ،
Holdings
حالة التراجع حالة الفقد حالة تلف ليس للاعارة المكان المؤقت الموقع الحالى تاريخ الاكتساب اجمالي اﻻعارات رقم الطلب الباركود تاريخ اخر مشاهدة تاريخ تفعيل السعر نوع وعاء كوها
        مكتبة القاهرة الكبرى مكتبة القاهرة الكبرى 03/26/2014   621.3815\M D 43980 03/26/2014 03/26/2014 كتاب

Powered By

EGPV